| 000 | 00691nam a2200241 i 4500 | ||
|---|---|---|---|
| 001 | 15259 | ||
| 003 | ES-MaACL | ||
| 005 | 20250827063202.0 | ||
| 007 | t| | ||
| 008 | 000210s1998 sp ||||1| spa d | ||
| 020 | _a84-7880-960-0 | ||
| 080 | _a173.5/7 | ||
| 100 | 1 |
_aRegàs, Rosa, _d1933-2024 _9242068 |
|
| 245 | 1 | 0 |
_aSangre de mi sangre _b: la aventura de los hijos / _cRosa Regáas. |
| 250 | _a1ª ed. | ||
| 260 |
_aMadrid : _bTemas de Hoy, _c1998. |
||
| 300 |
_a205 p. : _b21 cm. |
||
| 490 | 1 | _aTiempo de encuentro | |
| 650 | 1 | 4 |
_aPadres e hijos. _915785 |
| 830 | 0 |
_aTiempo de encuentro _9179880 |
|
| 852 |
_aES-MaACL _jL-22663 _bR.127847 |
||
| 999 |
_c15259 _d15259 |
||